Czy zgadniesz 18 losowych państw? - Statystyki

Ogólne statystyki
  • Ten quiz został rozwiązany 15 razy
  • Średni wynik to 12 z 18
Statystyki odpowiedzi
Kontynent Odpowiedź % Poprawnych
Ameryka południowa Chile
83%
Ameryka południowa Ekwador
83%
Ameryka południowa Paragwaj
83%
Australia i oceania Vanuatu
83%
Ameryka północna Haiti
75%
Afryka Lesotho
75%
Australia i oceania Nauru
75%
Australia i oceania Tuvalu
75%
Ameryka północna Gwatemala
67%
Europa Litwa
67%
Europa Chorwacja
58%
Ameryka północna Grenada
58%
Afryka Malawi
58%
Azja Nepal
58%
Europa Serbia
58%
Azja Laos
50%
Azja Oman
50%
Afryka Botswana
42%
Nie znaleziono quizów pasujących do podanych kryteriów
Rozkład punktacji
Procent ludzi z każdym wynikiem
Percentyl według liczby udzielonych odpowiedzi
Twoja historia wyników
Nie rozwiązałeś tego quizu